Movies Quiz

Random Movies or Actor Quiz

5-Star Actor's Historical Roles Quiz Stats

 Plays Quiz Updated Jan 23, 2019

     
Support Sporcle.
Go Orange.
Score 0/30 Timer 07:00
3 Plays Today
% Correct
Captain Richard Phillips
94%
Chesley 'Sully' Sullenberger
92.4%
Malcolm X
90.3%
Charlie Wilson
85.3%
Oskar Schindler
84.9%
Frank Abagnale Jr.
84.5%
Howard Hughes
83.7%
Coach Herman Boone
80.2%
Walt Disney
79.2%
Ed Wood
78.5%
Alfred Hitchcock
76.6%
J. Edgar Hoover
76.3%
Rubin Carter
73.8%
John Dillinger
70.4%
Richard Nixon
69.8%
% Correct
Jim Lovell
66.6%
James 'Whitey' Bulger
65.7%
Rob Roy MacGregor
64.6%
J. M. Barrie
63.3%
Alfred Kinsey
60.9%
Michael Collins
60.1%
Jordan Belfort
58.9%
Frank Lucas
57.8%
John Quincy Adams
55.5%
Melvin B. Tolson
47.1%
Pablo Picasso
44.1%
Douglas MacArthur
39.3%
William Bligh
38.9%
Hugh Glass
34.6%
George Jung
34.1%

From the Vault

Click the Italian-Speaking Countries

by mg10

You cannoli do so much here.
Remove Ads.
Support Sporcle.
Get the best of Sporcle when you Go Orange. This ad-free experience offers more features, more stats, and more fun while also helping to support Sporcle. Thank you for becoming a member.

Show Comments

Extras

Top Quizzes Today


Score Distribution

Your Account Isn't Verified!

In order to create a playlist on Sporcle, you need to verify the email address you used during registration. Go to your Sporcle Settings to finish the process.

Report this User

Report this user for behavior that violates our Community Guidelines.

Details: